000
00238 a2200097 4500
001
59753
100
_a
245
_a
Yaqeen Ki Quwat (Urdu); You'll see it when you believe it
260
_a
Lahore
_b
Book Home
_c
2008
090
_c
36623
_d
36623
942
_a
NUST-CAE
_c
_c
29584
999
_c
294826
_d
294826